| 000 | 00364nam a22001337a 4500 | ||
|---|---|---|---|
| 040 | _cNUST | ||
| 082 | _a891.439,MAS | ||
| 100 |
_aMasood, Anwar _914777 |
||
| 245 |
_aHun Ki Kariye / ہن کیہ کریے (Urdu) / _cAnwar Masood |
||
| 260 |
_aIslamabad _bDost Publications _c2016 |
||
| 300 | _a143 p.; | ||
| 650 | _aUrdu literature | ||
| 942 |
_2ddc _cBK _k891.439,MAS |
||
| 999 |
_c593589 _d593589 |
||